[Event "1. Bundesliga 2015/2016"]
[Site "Mattersburg"]
[Date "2015.11.07"]
[Round "3"]
[Board "3"]
[White "Predojevic, Borki"]
[Black "Schlosser, Philipp"]
[Result "1-0"]
[WhiteElo "2654"]
[BlackElo "2551"]
[PlyCount "49"]
[EventDate "2015.11.05"]
[EventType "team"]
[EventRounds "11"]
[EventCountry "AUT"]
[WhiteTeam "SC MPOE Maria Saal"]
[BlackTeam "Schachklub Sparkasse Jenbach"]

1.e4 c5 2.Nf3 e6 3.d4 cxd4 4.Nxd4 a6 5.c4 Nf6 6.Nc3 Bb4 7.Qd3 d6 8.Nc2 Bc5 9.b4 Bb6
10.Be2 Nc6 11.Bb2 O-O 12.Rd1 Bc7 13.O-O Qe7 14.f4 b6 15.Qg3 Rd8 16.Ne3 Ne8 17.a3 Bb7
18.Bh5 Kh8 19.Ncd5 exd5 20.exd5 Nb8 21.Nf5 Qf8 22.Rfe1 f6 23.Bxe8 Bc8 24.Nxg7 Qxg7
25.Qh4 1-0

[Event "1. Bundesliga 2015/2016"]
[Site "Mattersburg"]
[Date "2015.11.07"]
[Round "3"]
[Board "4"]
[White "Acs, Peter"]
[Black "Buhmann, Rainer"]
[Result "0-1"]
[WhiteElo "2581"]
[BlackElo "2645"]
[PlyCount "88"]
[EventDate "2015.11.05"]
[EventType "team"]
[EventRounds "11"]
[EventCountry "AUT"]
[WhiteTeam "Schachklub Sparkasse Jenbach"]
[BlackTeam "SC MPOE Maria Saal"]

1.d4 d5 2.c4 c6 3.Nf3 Nf6 4.e3 Bg4 5.Nc3 e6 6.Qb3 Qb6 7.Nh4 Bh5 8.h3 Na6 9.g4 Qxb3
10.axb3 Nb4 11.Ra4 Bg6 12.Nxg6 hxg6 13.c5 a5 14.Na2 Nxa2 15.Rxa2 Nxg4 16.b4 a4 17.b3
a3 18.b5 Be7 19.Rxa3 Rxa3 20.Bxa3 Kd7 21.Bb2 Nf6 22.f3 Nh5 23.Rh2 Bg5 24.Kd2 Ra8 25.f4
Bh4 26.Bd3 g5 27.f5 Ng3 28.fxe6+ Kxe6 29.bxc6 bxc6 30.Kc2 f5 31.b4 f4 32.b5 cxb5 33.Bxb5
f3 34.Rf2 Rf8 35.c6 Ne4 36.Ba3 Ra8 37.Rxf3 Rxa3 38.Rf8 Bg3 39.Rg8 Ra7 40.Rd8 Nd6 41.Be2
Rc7 42.Bg4+ Ke7 43.Rd7+ Rxd7 44.Bxd7 Ne4 0-1

[Event "1. Bundesliga 2015/2016"]
[Site "Mattersburg"]
[Date "2015.11.07"]
[Round "3"]
[Board "5"]
[White "Naumann, Alexander"]
[Black "Shengelia, David"]
[Result "1/2-1/2"]
[WhiteElo "2555"]
[BlackElo "2566"]
[PlyCount "45"]
[EventDate "2015.11.05"]
[EventType "team"]
[EventRounds "11"]
[EventCountry "AUT"]
[WhiteTeam "SC MPOE Maria Saal"]
[BlackTeam "Schachklub Sparkasse Jenbach"]

1.d4 Nf6 2.c4 e6 3.g3 Bb4+ 4.Bd2 Bxd2+ 5.Nxd2 d6 6.e3 O-O 7.Bg2 e5 8.Ne2 c6 9.O-O
Bg4 10.f3 Bh5 11.Qb3 Qa5 12.Qc3 Qxc3 13.Nxc3 exd4 14.exd4 Na6 15.h3 Rfe8 16.Rae1 Bg6
17.f4 Bd3 18.Rxe8+ Rxe8 19.Rf3 Be2 20.Rf2 Bd3 21.Rf3 Be2 22.Rf2 Bd3 23.Rf3 1/2-1/2

[Event "1. Bundesliga 2015/2016"]
[Site "Mattersburg"]
[Date "2015.11.07"]
[Round "3"]
[Board "6"]
[White "Lehner, Oliver"]
[Black "Schachinger, Mario"]
[Result "1/2-1/2"]
[WhiteElo "2408"]
[BlackElo "2434"]
[PlyCount "67"]
[EventDate "2015.11.05"]
[EventType "team"]
[EventRounds "11"]
[EventCountry "AUT"]
[WhiteTeam "Schachklub Sparkasse Jenbach"]
[BlackTeam "SC MPOE Maria Saal"]

1.d4 Nf6 2.Nf3 d5 3.c4 e6 4.Nc3 c5 5.e3 Nc6 6.a3 a6 7.dxc5 Bxc5 8.b4 Be7 9.Bb2 O-O
10.cxd5 exd5 11.Be2 Be6 12.Nd4 Qd6 13.O-O Ne5 14.Nxe6 fxe6 15.Qd4 Nfd7 16.Rad1 Rac8
17.Ne4 dxe4 18.Qxd6 Bxd6 19.Rxd6 Rc2 20.Bxe5 Nxe5 21.Rxe6 Nd3 22.Bd1 Rcxf2 23.Rxf2
Rxf2 24.Rxe4 Rb2 25.Rd4 Ne5 26.Bf3 Nxf3+ 27.gxf3 Rb3 28.Rd8+ Kf7 29.Rd7+ Kg8 30.Rxb7
Rxe3 31.a4 Rxf3 32.a5 h5 33.Rb6 Rf4 34.Kg2 1/2-1/2

[Event "1. Bundesliga 2015/2016"]
[Site "Mattersburg"]
[Date "2015.11.07"]
[Round "3"]
[Board "1"]
[White "Georgiadis, Nico"]
[Black "Krasenkow, Michal"]
[Result "1-0"]
[WhiteElo "2486"]
[BlackElo "2610"]
[PlyCount "95"]
[EventDate "2015.11.05"]
[EventType "team"]
[EventRounds "11"]
[EventCountry "AUT"]
[WhiteTeam "Schachclub Sparkasse Goetzis"]
[BlackTeam "L.A. Kraftanlage Ottakring"]

1.d4 g6 2.e4 Bg7 3.Nc3 c6 4.Nf3 d6 5.h3 Nf6 6.a4 a5 7.Bc4 O-O 8.Bb3 e6 9.O-O d5 10.Re1
Nbd7 11.Bf4 Nxe4 12.Nxe4 dxe4 13.Rxe4 c5 14.Bd6 Re8 15.dxc5 Bxb2 16.Rb1 Ba3 17.Rd4
e5 18.Bxe5 Bxc5 19.Bxf7+ Kxf7 20.Rf4+ Nf6 21.Qxd8 Rxd8 22.Bxf6 Rd5 23.Ng5+ Kg8 24.Ne4
Bf8 25.Bc3 Be7 26.Bf6 Rf5 27.Rxf5 gxf5 28.Bxe7 fxe4 29.Rd1 Kf7 30.Bd8 Be6 31.Rd4 Rc8
32.Bxa5 Rxc2 33.Rxe4 Rc4 34.Rxc4 Bxc4 35.Bc7 h5 36.Kh2 Ke6 37.a5 Kd5 38.f3 Kd4 39.Kg3
Ke3 40.Bb6+ Ke2 41.Kh4 Bd5 42.Kxh5 Kf1 43.h4 Kxg2 44.f4 Kf3 45.Kg5 Ke4 46.h5 Be6 47.h6
Bf5 48.Bc7 1-0

[Event "1. Bundesliga 2015/2016"]
[Site "Mattersburg"]
[Date "2015.11.07"]
[Round "3"]
[Board "2"]
[White "Dragnev, Valentin"]
[Black "Krassowizkij, Jaroslaw"]
[Result "0-1"]
[WhiteElo "2432"]
[BlackElo "2446"]
[PlyCount "84"]
[EventDate "2015.11.05"]
[EventType "team"]
[EventRounds "11"]
[EventCountry "AUT"]
[WhiteTeam "L.A. Kraftanlage Ottakring"]
[BlackTeam "Schachclub Sparkasse Goetzis"]

1.e4 c5 2.Nf3 e6 3.d4 cxd4 4.Nxd4 Nf6 5.Nc3 Nc6 6.Be3 Bb4 7.Nxc6 bxc6 8.Bd3 O-O 9.e5
Nd5 10.Bd2 f6 11.Qh5 f5 12.O-O Rb8 13.Rfe1 Qa5 14.Nxd5 Qxd5 15.Bxb4 Rxb4 16.b3 Rg4
17.Qh3 c5 18.Bc4 Qd4 19.c3 Qf4 20.Qe3 Qxe3 21.Rxe3 f4 22.Rd3 f3 23.g3 Re4 24.Bb5 Rf7
25.Rd6 Rxe5 26.Rad1 Kf8 27.a4 Ke8 28.a5 Kd8 29.Bf1 Bb7 30.b4 cxb4 31.cxb4 Rd5 32.b5
Rxd6 33.Rxd6 Rf5 34.Rd4 Rc5 35.Rg4 Rc1 36.h4 Bd5 37.h5 g6 38.hxg6 hxg6 39.Ra4 Kc7
40.Rb4 Ra1 41.a6 Kb6 42.Rh4 g5 0-1

[Event "1. Bundesliga 2015/2016"]
[Site "Mattersburg"]
[Date "2015.11.07"]
[Round "3"]
[Board "3"]
[White "Hirneise, Tobias"]
[Black "Schmaltz, Roland"]
[Result "1/2-1/2"]
[WhiteElo "2449"]
[BlackElo "2487"]
[PlyCount "86"]
[EventDate "2015.11.05"]
[EventType "team"]
[EventRounds "11"]
[EventCountry "AUT"]
[WhiteTeam "Schachclub Sparkasse Goetzis"]
[BlackTeam "L.A. Kraftanlage Ottakring"]

1.d4 Nf6 2.c4 b6 3.f3 e6 4.e4 d5 5.e5 Nfd7 6.cxd5 exd5 7.Nc3 Bb7 8.f4 g6 9.Nf3 Bg7
10.Bd3 c5 11.Nb5 O-O 12.Nd6 Ba6 13.Bxa6 Nxa6 14.O-O cxd4 15.Nxd4 Ndc5 16.Qf3 Nc7 17.b4
N5e6 18.Nxe6 fxe6 19.Bb2 Qd7 20.Qd3 Ne8 21.Qb5 Qe7 22.Qc6 Rd8 23.Nb5 Bh6 24.Nd4 Ng7
25.Qc1 Rc8 26.Nc6 Qd7 27.b5 Rf7 28.a4 Nf5 29.Qd2 Bf8 30.Ba3 Bc5+ 31.Bxc5 bxc5 32.Rac1
c4 33.Rfd1 Rxc6 34.bxc6 Qxc6 35.Qa5 Rd7 36.Qb5 Qxb5 37.axb5 Rb7 38.Kf2 h5 39.Ra1 Rxb5
40.Rxa7 Rb2+ 41.Kf3 Rb3+ 42.Kf2 Rb2+ 43.Kf3 Rb3+ 1/2-1/2

[Event "1. Bundesliga 2015/2016"]
[Site "Mattersburg"]
[Date "2015.11.07"]
[Round "3"]
[Board "4"]
[White "Menezes, Christoph"]
[Black "Eisenbeiser, Amadeus"]
[Result "0-1"]
[WhiteElo "2395"]
[BlackElo "2413"]
[PlyCount "72"]
[EventDate "2015.11.05"]
[EventType "team"]
[EventRounds "11"]
[EventCountry "AUT"]
[WhiteTeam "L.A. Kraftanlage Ottakring"]
[BlackTeam "Schachclub Sparkasse Goetzis"]

1.d4 d6 2.Nf3 g6 3.c4 Bg7 4.Nc3 e5 5.e4 exd4 6.Nxd4 Nc6 7.Be3 Nge7 8.h4 f5 9.h5 fxe4
10.hxg6 hxg6 11.Rxh8+ Bxh8 12.Nxe4 Qd7 13.Be2 Nf5 14.Nxf5 Qxf5 15.Bd3 Qf7 16.Ng5 Qf6
17.Qc2 Bf5 18.Rd1 O-O-O 19.Kf1 Kb8 20.Bxf5 gxf5 21.Bc1 Rg8 22.Qe2 f4 23.Nh3 Nd4 24.Qh5
f3 25.gxf3 Qe6 26.Nf4 Qxc4+ 27.Nd3 Qc2 28.Rd2 Qc6 29.Qf7 Rc8 30.Rd1 Nxf3 31.Be3 Ne5
32.Nxe5 Bxe5 33.Rd2 Qb5+ 34.Re2 b6 35.b3 Rh8 36.Qf3 Qd3 0-1

[Event "1. Bundesliga 2015/2016"]
[Site "Mattersburg"]
[Date "2015.11.07"]
[Round "3"]
[Board "5"]
[White "Anistratov, Dmitrij"]
[Black "Beck, Hartmuth"]
[Result "0-1"]
[WhiteElo "2287"]
[BlackElo "2356"]
[PlyCount "138"]
[EventDate "2015.11.05"]
[EventType "team"]
[EventRounds "11"]
[EventCountry "AUT"]
[WhiteTeam "Schachclub Sparkasse Goetzis"]
[BlackTeam "L.A. Kraftanlage Ottakring"]

1.Nf3 Nf6 2.g3 b5 3.Bg2 Bb7 4.O-O e6 5.d4 Be7 6.a4 b4 7.c4 bxc3 8.bxc3 O-O 9.Qb3 Qc8
10.Ba3 d6 11.Nbd2 Nbd7 12.Rab1 Rb8 13.Qc2 c5 14.e3 Qc7 15.Rfc1 Rfc8 16.c4 h6 17.dxc5
Nxc5 18.Bxc5 Qxc5 19.Nd4 Bxg2 20.Rxb8 Rxb8 21.Kxg2 Rb4 22.Rb1 a6 23.Rxb4 Qxb4 24.Kg1
Qc5 25.N2b3 Qc7 26.h4 Nd7 27.Nd2 Ne5 28.Qb3 Bf8 29.N4f3 Nd7 30.Nd4 Nc5 31.Qa2 Qa5
32.N2b3 Qxa4 33.Qxa4 Nxa4 34.Nc6 Nb6 35.Nb8 Nxc4 36.Nxa6 d5 37.Nc7 h5 38.Kf1 Bd6 39.Nb5
Be5 40.Ke2 g6 41.Kf3 Bb2 42.Nc5 Kg7 43.Ke2 Bf6 44.Nd7 Be7 45.Kd3 Nb2+ 46.Kc2 Na4 47.Kd3
Bb4 48.Nd4 Nc5+ 49.Nxc5 Bxc5 50.Ne2 Kf6 51.Nc3 Bb4 52.Na2 Ba5 53.Nc1 Kf5 54.Ke2 Bb4
55.Nd3 Bd6 56.Kf3 e5 57.Nc1 Bb4 58.Ke2 f6 59.Nd3 Bd6 60.Ne1 g5 61.Kf3 gxh4 62.gxh4
e4+ 63.Kg2 Kg4 64.f3+ Kxh4 65.Nc2 Bc5 66.Kf2 f5 67.Ne1 Kh3 68.Ng2 Bd6 69.f4 Bb4 0-1

[Event "1. Bundesliga 2015/2016"]
[Site "Mattersburg"]
[Date "2015.11.07"]
[Round "3"]
[Board "6"]
[White "Beckhuis, Gernod"]
[Black "Quintero Ortega, Carlos"]
[Result "1-0"]
[WhiteElo "2291"]
[BlackElo "2196"]
[PlyCount "37"]
[EventDate "2015.11.05"]
[EventType "team"]
[EventRounds "11"]
[EventCountry "AUT"]
[WhiteTeam "L.A. Kraftanlage Ottakring"]
[BlackTeam "Schachclub Sparkasse Goetzis"]

1.Nf3 d5 2.d4 Nf6 3.c4 c6 4.Nc3 a6 5.a4 e6 6.e3 Nbd7 7.Bd3 Bb4 8.O-O Qa5 9.Na2 dxc4
10.Bxc4 Bd6 11.b4 Qc7 12.Bb2 e5 13.Qb3 O-O 14.Ng5 Nd5 15.Rac1 N7f6 16.e4 Nb6 17.Bxf7+
Rxf7 18.dxe5 Bxe5 19.Bxe5 1-0

[Event "1. Bundesliga 2015/2016"]
[Site "Mattersburg"]
[Date "2015.11.08"]
[Round "4"]
[Board "1"]
[White "Schneider, Ilja"]
[Black "Dragnev, Valentin"]
[Result "1-0"]
[WhiteElo "2505"]
[BlackElo "2432"]
[PlyCount "87"]
[EventDate "2015.11.05"]
[EventType "team"]
[EventRounds "11"]
[EventCountry "AUT"]
[WhiteTeam "ASVOE Wulkaprodersdorf"]
[BlackTeam "L.A. Kraftanlage Ottakring"]

1.d4 d5 2.c4 e6 3.Nf3 Nf6 4.g3 Bb4+ 5.Bd2 Be7 6.Bg2 O-O 7.O-O c6 8.Qb3 a5 9.Nc3 Nbd7
10.Rfc1 b6 11.Bf4 Ba6 12.cxd5 exd5 13.Ne5 Nxe5 14.Bxe5 Nd7 15.Bf4 Bf6 16.Qd1 Bg5 17.Bxg5
Qxg5 18.e4 dxe4 19.Nxe4 Qg6 20.Rc3 Rad8 21.Qc2 Nb8 22.Rd1 Rfe8 23.Rb3 Bb5 24.Re3 Na6
25.Qc1 Nb4 26.Nc3 Ba6 27.Rxe8+ Rxe8 28.a3 Nd3 29.Qd2 c5 30.dxc5 Nxc5 31.b4 axb4 32.axb4
Ne6 33.b5 Bc8 34.Bc6 Rf8 35.Nd5 Qg4 36.Nxb6 h5 37.h4 Kh8 38.Bg2 f5 39.Rc1 f4 40.Qd1
Qxd1+ 41.Rxd1 fxg3 42.fxg3 Bb7 43.Bxb7 Rb8 44.Rd6 1-0

[Event "1. Bundesliga 2015/2016"]
[Site "Mattersburg"]
[Date "2015.11.08"]
[Round "4"]
[Board "2"]
[White "Schmaltz, Roland"]
[Black "Maksimenko, Andrei"]
[Result "1/2-1/2"]
[WhiteElo "2487"]
[BlackElo "2478"]
[PlyCount "41"]
[EventDate "2015.11.05"]
[EventType "team"]
[EventRounds "11"]
[EventCountry "AUT"]
[WhiteTeam "L.A. Kraftanlage Ottakring"]
[BlackTeam "ASVOE Wulkaprodersdorf"]

1.e4 c5 2.Nf3 d6 3.d4 cxd4 4.Nxd4 Nf6 5.Nc3 a6 6.Be3 e5 7.Nb3 Be6 8.h3 Nc6 9.Qf3 Rc8
10.O-O-O Qc7 11.Kb1 Nb4 12.g4 d5 13.exd5 Nbxd5 14.Nxd5 Nxd5 15.Rxd5 Qxc2+ 16.Ka1 Ba3
17.bxa3 Qc3+ 18.Kb1 Qc2+ 19.Ka1 Qc3+ 20.Kb1 Qc2+ 21.Ka1 1/2-1/2

[Event "1. Bundesliga 2015/2016"]
[Site "Mattersburg"]
[Date "2015.11.08"]
[Round "4"]
[Board "3"]
[White "Thiede, Lars"]
[Black "Menezes, Christoph"]
[Result "1/2-1/2"]
[WhiteElo "2420"]
[BlackElo "2395"]
[PlyCount "133"]
[EventDate "2015.11.05"]
[EventType "team"]
[EventRounds "11"]
[EventCountry "AUT"]
[WhiteTeam "ASVOE Wulkaprodersdorf"]
[BlackTeam "L.A. Kraftanlage Ottakring"]

1.Nf3 Nf6 2.g3 d5 3.Bg2 c6 4.O-O Bg4 5.b3 Nbd7 6.Bb2 e6 7.d3 Bd6 8.Nbd2 O-O 9.Qe1
Re8 10.e4 e5 11.h3 Bxf3 12.Nxf3 dxe4 13.dxe4 a5 14.a4 b5 15.Qe2 bxa4 16.Rxa4 Nc5 17.Rc4
Nfd7 18.Rd1 Qc7 19.Ba3 Nb7 20.Bxd6 Nxd6 21.Rc3 Nf6 22.Rcd3 Nb7 23.Nh4 Nc5 24.Rc3 Ne6
25.Qc4 c5 26.Rcd3 g6 27.Nf3 Rad8 28.Rxd8 Rxd8 29.Rxd8+ Nxd8 30.Qc3 Nxe4 31.Qxe5 Qxe5
32.Nxe5 Nd6 33.Bd5 Nb5 34.Nd7 Nd4 35.Nxc5 Nxc2 36.Nb7 Nxb7 37.Bxb7 Kf8 38.Bd5 Ke7
39.Kf1 Nb4 40.Bc4 f6 41.Ke2 h6 42.Ke3 Nc6 43.Ke4 Kd6 44.Bf7 Ne5 45.Be8 Ke7 46.Ba4
Kd6 47.Kd4 Nf3+ 48.Kc4 Ng5 49.Be8 Nxh3 50.Bxg6 Nxf2 51.Kb5 Nh1 52.g4 Nf2 53.Bh5 Nd3
54.Kxa5 Kc5 55.Bg6 Nb4 56.Be4 Na2 57.Bf5 Nb4 58.Ka4 Nc6 59.Be4 Nb4 60.Ka3 Na6 61.Bd3
Nb4 62.Bc4 Nc2+ 63.Ka4 Nd4 64.Bd3 Nxb3 65.Kxb3 Kd4 66.Kc2 Ke3 67.Bf5 1/2-1/2

[Event "1. Bundesliga 2015/2016"]
[Site "Mattersburg"]
[Date "2015.11.08"]
[Round "4"]
[Board "4"]
[White "Schneider-Zinner, Harald"]
[Black "Abel, Dennes"]
[Result "0-1"]
[WhiteElo "2353"]
[BlackElo "2466"]
[PlyCount "74"]
[EventDate "2015.11.05"]
[EventType "team"]
[EventRounds "11"]
[EventCountry "AUT"]
[WhiteTeam "L.A. Kraftanlage Ottakring"]
[BlackTeam "ASVOE Wulkaprodersdorf"]

1.d4 d5 2.Nf3 Nf6 3.c4 c6 4.Qb3 dxc4 5.Qxc4 Bg4 6.Nbd2 Nbd7 7.g3 e6 8.Bg2 Be7 9.O-O
Bh5 10.b3 O-O 11.Bb2 Qa5 12.Qc1 Rfe8 13.Nc4 Qa6 14.Qg5 Bxf3 15.Bxf3 Nd5 16.Qc1 N5b6
17.e4 Nxc4 18.bxc4 e5 19.dxe5 Bf8 20.Qf4 Qxc4 21.Rfc1 Qe6 22.Bg4 Qe7 23.Rab1 c5 24.Bxd7
Qxd7 25.Rd1 Qc6 26.Rd5 b5 27.Rbd1 c4 28.Rd7 Re7 29.R7d6 Qc8 30.Bc3 Rb7 31.R6d5 b4
32.Bd4 c3 33.Be3 a5 34.Qh4 c2 35.Rc1 a4 36.e6 fxe6 37.Rh5 g6 0-1

[Event "1. Bundesliga 2015/2016"]
[Site "Mattersburg"]
[Date "2015.11.08"]
[Round "4"]
[Board "5"]
[White "Volkmann, Friedrich Karl"]
[Black "Gstach, Jakob"]
[Result "1-0"]
[WhiteElo "2433"]
[BlackElo "2267"]
[PlyCount "87"]
[EventDate "2015.11.05"]
[EventType "team"]
[EventRounds "11"]
[EventCountry "AUT"]
[WhiteTeam "ASVOE Wulkaprodersdorf"]
[BlackTeam "L.A. Kraftanlage Ottakring"]

1.d4 d5 2.c4 e6 3.Nc3 Nf6 4.Bg5 Be7 5.e3 h6 6.Bxf6 Bxf6 7.cxd5 exd5 8.Nf3 O-O 9.Bd3
c6 10.h3 Be6 11.O-O Nd7 12.Rc1 Re8 13.b4 a5 14.b5 c5 15.Re1 Rc8 16.Ne2 Be7 17.Nf4
Bd6 18.Nxe6 fxe6 19.e4 e5 20.dxe5 Nxe5 21.exd5 Qf6 22.Nxe5 Rxe5 23.Qg4 Rce8 24.Rxe5
Qxe5 25.g3 Qg5 26.Qxg5 hxg5 27.Bf5 Re5 28.Be6+ Kf8 29.Rc3 Be7 30.b6 Re1+ 31.Kg2 Rd1
32.Ra3 Bd8 33.Rxa5 Bxb6 34.Rb5 Bd8 35.Rxb7 c4 36.Rb8 Ke7 37.Rc8 Rc1 38.Kf3 Bb6 39.Rc6
Bd4 40.Bf5 Bf6 41.d6+ Ke8 42.d7+ Ke7 43.Re6+ Kf7 44.Rxf6+ 1-0

[Event "1. Bundesliga 2015/2016"]
[Site "Mattersburg"]
[Date "2015.11.08"]
[Round "4"]
[Board "6"]
[White "Steiner, Adam"]
[Black "Mesaros, Florian"]
[Result "1-0"]
[WhiteElo "2249"]
[BlackElo "2307"]
[PlyCount "101"]
[EventDate "2015.11.05"]
[EventType "team"]
[EventRounds "11"]
[EventCountry "AUT"]
[WhiteTeam "L.A. Kraftanlage Ottakring"]
[BlackTeam "ASVOE Wulkaprodersdorf"]

1.e4 c6 2.d4 d5 3.e5 c5 4.Nf3 Nc6 5.c4 cxd4 6.Nxd4 e6 7.Nc3 Bc5 8.Nxc6 bxc6 9.Qg4
Kf8 10.Bd3 h5 11.Qf3 Bd4 12.Bg6 Qc7 13.Be3 Bxe3 14.fxe3 Rh6 15.Bxh5 g6 16.Bg4 Qxe5
17.Qf4 Qxf4 18.exf4 Rh4 19.g3 Rh8 20.O-O-O Ba6 21.b3 dxc4 22.Be2 Ne7 23.Ne4 Nd5 24.bxc4
Ne3 25.Rd3 Nf5 26.Rd7 Rb8 27.Rxa7 Bb7 28.Nc5 Bc8 29.Bf3 Rb4 30.Ra4 Rxa4 31.Nxa4 Nd4
32.Bg2 Ba6 33.Kd2 Rh5 34.Kc3 Ra5 35.Kb4 Rh5 36.g4 Rh8 37.Kc5 Nc2 38.Bxc6 Ne3 39.Bb5
Bb7 40.Re1 Nxg4 41.Kb6 Bf3 42.Nc5 Rxh2 43.a4 Ra2 44.a5 Nh6 45.Re3 Bg2 46.Rd3 Nf5 47.a6
Ne7 48.Rd8+ Kg7 49.a7 e5 50.fxe5 g5 51.Nb7 1-0

[Event "1. Bundesliga 2015/2016"]
[Site "Mattersburg"]
[Date "2015.11.08"]
[Round "4"]
[Board "2"]
[White "Krassowizkij, Jaroslaw"]
[Black "Bauer, Christian"]
[Result "1-0"]
[WhiteElo "2446"]
[BlackElo "2631"]
[PlyCount "150"]
[EventDate "2015.11.05"]
[EventType "team"]
[EventRounds "11"]
[EventCountry "AUT"]
[WhiteTeam "Schachclub Sparkasse Goetzis"]
[BlackTeam "Schachklub Sparkasse Jenbach"]

1.c4 c5 2.Nf3 Nc6 3.d4 cxd4 4.Nxd4 Nf6 5.Nc3 e6 6.Ndb5 d6 7.Bf4 e5 8.Bg5 a6 9.Na3
Be7 10.g3 O-O 11.Bg2 Be6 12.O-O Rc8 13.Rc1 Na5 14.Bxf6 Bxf6 15.Nd5 Bg5 16.e3 f5 17.Qd2
e4 18.Rfd1 Bf7 19.h4 Bh6 20.Qb4 Rc5 21.Bf1 b5 22.Nf4 bxc4 23.Qxc5 dxc5 24.Rxd8 Rxd8
25.Nxc4 Nc6 26.Nb6 Ne5 27.Rxc5 Nf3+ 28.Kg2 Bxf4 29.exf4 Ne1+ 30.Kh2 Be6 31.Rc6 Nf3+
32.Kg2 Nd4 33.Rc1 Bxa2 34.Ra1 Bb3 35.Rxa6 h6 36.Nc4 Nc2 37.Rd6 Rb8 38.Be2 Kh7 39.Ne5
e3 40.fxe3 Nxe3+ 41.Kf2 Nd5 42.Bd3 Ne7 43.Rd7 Re8 44.g4 Kg8 45.gxf5 Nd5 46.Kf3 Rb8
47.Nc6 Re8 48.Rd8 Bd1+ 49.Kg3 Rxd8 50.Nxd8 Kf8 51.Ne6+ Kf7 52.Be4 Nb4 53.Nd4 Ba4 54.Kf3
Bd7 55.Ke3 Ke7 56.Ne6 Bxe6 57.fxe6 Kxe6 58.Kd4 Kd6 59.Kc4 Na6 60.b4 Nc7 61.b5 Ne6
62.f5 Nc5 63.Bc6 Na4 64.Kd4 Nb6 65.Ke4 Nc4 66.f6 gxf6 67.Kf5 Ke7 68.Kg6 Nd6 69.b6
Nc4 70.Kxh6 Nxb6 71.Kg7 Nc4 72.Be4 Ne3 73.h5 Ng4 74.Bf5 Ne3 75.Bh3 Nd5 1-0

[Event "1. Bundesliga 2015/2016"]
[Site "Mattersburg"]
[Date "2015.11.08"]
[Round "4"]
[Board "3"]
[White "Schlosser, Philipp"]
[Black "Hirneise, Tobias"]
[Result "1-0"]
[WhiteElo "2551"]
[BlackElo "2449"]
[PlyCount "75"]
[EventDate "2015.11.05"]
[EventType "team"]
[EventRounds "11"]
[EventCountry "AUT"]
[WhiteTeam "Schachklub Sparkasse Jenbach"]
[BlackTeam "Schachclub Sparkasse Goetzis"]

1.d4 Nf6 2.c4 e6 3.Nf3 Bb4+ 4.Nbd2 b6 5.a3 Bxd2+ 6.Qxd2 Bb7 7.e3 O-O 8.Be2 d5 9.b3
Nbd7 10.O-O c5 11.Bb2 Qe7 12.Rfc1 Rfd8 13.cxd5 Nxd5 14.b4 N5f6 15.Qe1 Rab8 16.dxc5
bxc5 17.b5 Bxf3 18.gxf3 a6 19.a4 Nd5 20.Kh1 axb5 21.axb5 N7b6 22.Qg1 f6 23.Qg3 Nb4
24.Bc3 N4d5 25.Ba5 Rdc8 26.f4 f5 27.Bf3 c4 28.e4 fxe4 29.Bxe4 Qf6 30.Qh3 Qh6 31.Qxh6
gxh6 32.f5 exf5 33.Bxf5 Rc5 34.Bd2 Rxb5 35.Ra7 Nf6 36.Be6+ Kh8 37.Bc3 Rf8 38.Rd1 1-0

[Event "1. Bundesliga 2015/2016"]
[Site "Mattersburg"]
[Date "2015.11.08"]
[Round "4"]
[Board "4"]
[White "Eisenbeiser, Amadeus"]
[Black "Shengelia, David"]
[Result "0-1"]
[WhiteElo "2413"]
[BlackElo "2566"]
[PlyCount "76"]
[EventDate "2015.11.05"]
[EventType "team"]
[EventRounds "11"]
[EventCountry "AUT"]
[WhiteTeam "Schachclub Sparkasse Goetzis"]
[BlackTeam "Schachklub Sparkasse Jenbach"]

1.e4 c5 2.Nf3 d6 3.Bc4 Nf6 4.Qe2 Nc6 5.c3 a6 6.Bb3 Bg4 7.h3 Bh5 8.d3 e6 9.Bf4 Be7
10.Nbd2 b5 11.g4 Bg6 12.Nh4 d5 13.Nf5 exf5 14.exf5 Bxf5 15.gxf5 Qd7 16.a4 O-O 17.Qf3
Qxf5 18.Rg1 Ne5 19.Bxe5 Qxe5+ 20.Kf1 g6 21.Re1 Qd6 22.h4 h5 23.d4 c4 24.Bc2 Ng4 25.Qg3
Qxg3 26.fxg3 Bd6 27.Kg2 Rfb8 28.a5 b4 29.Ba4 bxc3 30.bxc3 Rb2 31.Re2 Rab8 32.Bc6 Rc2
33.Bxd5 Rbb2 34.Rd1 Rxc3 35.Kf1 Rd3 36.Bxc4 Rxd4 37.Bxa6 Bb4 38.Ke1 Bxa5 0-1

[Event "1. Bundesliga 2015/2016"]
[Site "Mattersburg"]
[Date "2015.11.08"]
[Round "4"]
[Board "5"]
[White "Lehner, Oliver"]
[Black "Anistratov, Dmitrij"]
[Result "1-0"]
[WhiteElo "2408"]
[BlackElo "2287"]
[PlyCount "99"]
[EventDate "2015.11.05"]
[EventType "team"]
[EventRounds "11"]
[EventCountry "AUT"]
[WhiteTeam "Schachklub Sparkasse Jenbach"]
[BlackTeam "Schachclub Sparkasse Goetzis"]

1.d4 d6 2.e4 Nf6 3.Nc3 e5 4.Nf3 Nbd7 5.Bc4 Be7 6.a4 O-O 7.O-O c6 8.h3 d5 9.exd5 e4
10.Ne5 Nb6 11.dxc6 Nxc4 12.cxb7 Bxb7 13.Nxc4 Rc8 14.Ne3 Bd6 15.Nb5 Bb8 16.c4 a6 17.Nc3
Qc7 18.g3 Qd7 19.Kh2 h5 20.b3 Rcd8 21.Kg2 h4 22.d5 Bc8 23.Rh1 hxg3 24.fxg3 Qd6 25.Ne2
Nh5 26.Nf1 Qf6 27.Nd4 Qg6 28.Qe1 Be5 29.Nc6 Rde8 30.Nxe5 Rxe5 31.Kh2 f5 32.Bf4 Nxf4
33.gxf4 Ree8 34.Ne3 Qd6 35.Qg3 Rf6 36.Rhg1 Re7 37.Rg2 Rh6 38.Qg5 Rf7 39.c5 Qf6 40.Qxf6
Rfxf6 41.b4 Rh4 42.Rf1 Rfh6 43.Rg3 Bd7 44.c6 Bxc6 45.dxc6 Rxc6 46.Rxg7+ Kxg7 47.Nxf5+
Kf6 48.Nxh4 Rc2+ 49.Kg3 Rb2 50.Rc1 1-0

[Event "1. Bundesliga 2015/2016"]
[Site "Mattersburg"]
[Date "2015.11.08"]
[Round "4"]
[Board "6"]
[White "Mittelberger, Peter"]
[Black "Reich, Thomas"]
[Result "1-0"]
[WhiteElo "2143"]
[BlackElo "2376"]
[PlyCount "143"]
[EventDate "2015.11.05"]
[EventType "team"]
[EventRounds "11"]
[EventCountry "AUT"]
[WhiteTeam "Schachclub Sparkasse Goetzis"]
[BlackTeam "Schachklub Sparkasse Jenbach"]

1.e4 c5 2.Nc3 g6 3.g3 Bg7 4.Bg2 Nc6 5.d3 d6 6.Be3 Nf6 7.h3 O-O 8.Nge2 Bd7 9.O-O Rb8
10.a4 a6 11.Qd2 b5 12.axb5 axb5 13.Bh6 b4 14.Nd5 Ne8 15.Bxg7 Kxg7 16.f4 Nc7 17.Nxc7
Qxc7 18.Qe3 Qb6 19.g4 Nd4 20.Rac1 Nxe2+ 21.Qxe2 c4+ 22.Qf2 Rfc8 23.d4 c3 24.b3 Bb5
25.Rfe1 f6 26.d5 g5 27.Qxb6 Rxb6 28.f5 Ra8 29.Bf1 Bd7 30.Be2 Ra2 31.Kf2 Rb8 32.Rh1
Rba8 33.Ke3 Kf7 34.h4 Kg7 35.Bd3 h6 36.Kd4 R2a5 37.hxg5 fxg5 38.Rh2 Ra1 39.Rch1 Rxh1
40.Rxh1 Be8 41.Be2 Ra2 42.Bd3 Ra8 43.e5 dxe5+ 44.Kxe5 Bf7 45.Kd4 Rc8 46.Bc4 Rc7 47.Ke5
Ra7 48.Rg1 Ra2 49.Bd3 Ra8 50.Be4 Ra6 51.Kd4 Ra8 52.Kc5 Rb8 53.Rh1 Bg8 54.Bf3 Bf7 55.Rd1
Kf6 56.Rh1 Kg7 57.Ra1 Kf6 58.Ra6+ Ke5 59.Rxh6 Kf4 60.Be2 Rd8 61.Bc4 Kxg4 62.f6 exf6
63.Rxf6 Bg8 64.d6 Bh7 65.Kxb4 Bxc2 66.Kxc3 Bh7 67.Kd4 Kg3 68.Ke5 g4 69.Rf7 Bg6 70.Rg7
Bh5 71.Rg8 Be8 72.Be6 1-0

[Event "1. Bundesliga 2015/2016"]
[Site "Mattersburg"]
[Date "2015.11.08"]
[Round "4"]
[Board "1"]
[White "Diermair, Andreas"]
[Black "Ragger, Markus"]
[Result "0-1"]
[WhiteElo "2478"]
[BlackElo "2697"]
[PlyCount "66"]
[EventDate "2015.11.05"]
[EventType "team"]
[EventRounds "11"]
[EventCountry "AUT"]
[WhiteTeam "SV Raika Rapid Feffernitz"]
[BlackTeam "SC MPOE Maria Saal"]

1.d4 Nf6 2.c4 g6 3.Nf3 Bg7 4.Nc3 d5 5.Qb3 dxc4 6.Qxc4 O-O 7.e4 Na6 8.Be2 c5 9.d5 e6
10.O-O exd5 11.exd5 Re8 12.Rd1 Bf5 13.Be3 Ne4 14.Qb3 Nd6 15.Rac1 Bg4 16.Qa4 Bd7 17.Qb3
Rc8 18.Nb5 Nf5 19.Nxa7 Nxe3 20.fxe3 Rb8 21.Bb5 Re4 22.a3 Qb6 23.Rd3 Bf5 24.Bxa6 Qxa6
25.Nb5 c4 26.Rxc4 Rxc4 27.Qxc4 Rc8 28.Qb3 Bxd3 29.Qxd3 Rc5 30.a4 Qxa4 31.Nc3 Qa1+
32.Kf2 Qxb2+ 33.Ne2 Qb5 0-1

[Event "1. Bundesliga 2015/2016"]
[Site "Mattersburg"]
[Date "2015.11.08"]
[Round "4"]
[Board "2"]
[White "Rapport, Richard"]
[Black "Schreiner, Peter"]
[Result "1-0"]
[WhiteElo "2717"]
[BlackElo "2461"]
[PlyCount "47"]
[EventDate "2015.11.05"]
[EventType "team"]
[EventRounds "11"]
[EventCountry "AUT"]
[WhiteTeam "SC MPOE Maria Saal"]
[BlackTeam "SV Raika Rapid Feffernitz"]

1.c4 g6 2.Nc3 c5 3.g4 Nc6 4.d3 d6 5.h3 Bg7 6.Bg2 Bd7 7.Qd2 a6 8.b3 e5 9.Bb2 Nge7 10.e3
f5 11.gxf5 Bxf5 12.Nge2 Be6 13.h4 Nf5 14.h5 g5 15.O-O-O Nh4 16.Be4 O-O 17.Rdg1 Kh8
18.f4 gxf4 19.exf4 Bh6 20.Qe1 Nf5 21.Kb1 Nfd4 22.fxe5 dxe5 23.Nxd4 Nxd4 24.Bxb7 1-0